000 00648nam a2200193 4500
999 _c120455
_d120455
005 20201127170024.0
008 201127b ||||| |||| 00| 0 eng d
020 _a9780082234728
040 _cPK-LaUMT
082 _a711.4
_bROS-W
100 _aRose, Jonathan F. P.
245 _aThe well-tempered city :
_bwhat modern science, ancient civilizations, and human nature teach us about the future of urban life /
_cby Jonathan F. P. Rose
260 _aNew York :
_bHarper Wave,
_c2016
300 _a463 p.
650 _aCity planning
650 _aCities and towns-Growth
650 _aCommunity development-Environmental aspects
942 _cBK